书目信息 |
| 题名: |
舒马赫
|
|
| 作者: | [加拿大]肯.斯帕林 , [加拿大]斯帕林 , [加拿大]斯帕林 , [加拿大]斯帕林 著€ | |
| 分册: | ||
| 出版信息: | 沈阳 辽宁教育出版社 1999.9 |
|
| 页数: | 100页 | |
| 开本: | 32开 | |
| 丛书名: | 体育明星系列 | |
| 单 册: | ||
| 中图分类: | K815.47-51 | |
| 科图分类: | ||
| 主题词: | 舒马赫--生平事迹 | |
| 电子资源: | ||
| ISBN: | 7-5382-5596-6 | |
| 000 | 00823nam0 2200253 45 | |
| 001 | 0005260919 | |
| 005 | 20031219104045.5 | |
| 010 | @a7-5382-5596-6@dCNY4.80 | |
| 100 | @a20000526d1999 km y0chiy0120 ea | |
| 101 | @achi | |
| 105 | @a z 000yy | |
| 200 | 1 | @a舒马赫@f[加拿大]斯帕林(Sparling,K.)著;黎明京译@F[Jia Na Da]Si Pa Lin(Sparling,K.)Zhu;Li Ming JingYi |
| 210 | @a沈阳@c辽宁教育出版社@d1999.9 | |
| 215 | @a100页@c冠图@d32开 | |
| 225 | @a体育明星系列 | |
| 410 | @12001 @a体育明星系列 | |
| 606 | 0 | @a舒马赫@x生平事迹 |
| 690 | @aK815.47-51@v1 | |
| 701 | @a[加拿大]肯.斯帕林@4著€@a黎明京@4译 | |
| 701 | 0 | @a[加拿大]斯帕林@bSparling,K.@4著 |
| 701 | 0 | @a[加拿大]斯帕林@bSparling,K.@4著 |
| 701 | 0 | @a[加拿大]斯帕林@bSparling,K.@4著 |
| 801 | @aCN@bTSTC@c20000526 | |
| 905 | @f5@b288938-942@dK815.47-51@e58:1 | |
| 舒马赫/[加拿大]斯帕林(Sparling,K.)著;黎明京译.-沈阳:辽宁教育出版社,1999.9 |
| 100页:冠图;32开.-(体育明星系列) |
| ISBN 7-5382-5596-6:CNY4.80 |
| ● |
| 相关链接 |
|
|
|
|
正题名:舒马赫
索取号:K815.47-51/58:1
 
预约/预借
| 序号 | 登录号 | 条形码 | 馆藏地/架位号 | 状态 | 备注 |
| 1 | 0288938 | 002889388 | 第二借阅区/ [索取号:K815.47-51/58:1] | 在馆 | |
| 2 | 0288939 | 002889397 | 第二借阅区/ [索取号:K815.47-51/58:1] | 在馆 | |
| 3 | 0288940 | 002889404 | 第二借阅区/ [索取号:K815.47-51/58:1] | 在馆 | |
| 4 | 0288941 | 002889413 | 第二借阅区/ [索取号:K815.47-51/58:1] | 在馆 | |
| 5 | 0288942 | 002889422 | 第二样本阅览室/ [索取号:K815.47-51/58:1] | 在馆 |